00000000nam 2200000zi 4500
0019.937581
003CaOODSP
00520250611103922
006m     o  d f      
007cr cn|||||||||
008240430t20252025onc     ob   f000 0 fre d
020 |a9780660716657
040 |aCaOODSP|bfre|erda|cCaOODSP
043 |an-cn---
045 |ay2y2
0861 |aA118-10/31-2023F-PDF
24500|aProfil de la culture du bleuet nain au Canada, 2023 / |cpréparé par Programme de la lutte antiparasitaire, Agriculture et agroalimentaire Canada.
250 |aSixième édition - 2025.
264 1|a[Ottawa] : |bAgriculture et agroalimentaire Canada = Agriculture and Agri-Food Canada, |c[2025]
264 4|c©2025
300 |a1 ressource en ligne (58 pages)
336 |atexte|btxt|2rdacontent/fre
337 |ainformatique|bc|2rdamedia/fre
338 |aressource en ligne|bcr|2rdacarrier/fre
500 |aTitre de la couverture.
500 |aPublié aussi en anglais sous le titre : Crop profile for lowbush blueberry in Canada, 2023.
504 |aComprend des références bibliographiques (pages 57-58).
520 |a« Le bleuet nain, aussi connu sous le nom de bleuet sauvage, est le fruit d’une plante vivace indigène qui pousse dans le nord-est de l’Amérique du Nord. Il appartient à la famille des Éricacées (la famille des bruyères). Le bleuet nain est une production qui a la particularité d’être récoltée dans des peuplements sauvages gérés, contrairement au bleuet en corymbes qui est une plantation entretenue comme un verger. Parmi les espèces de bleuets nains récoltés, citons Vaccinium angustifolium et V. myrtilloides. Vaccinium angustifloium compose la majorité des espèces de bleuets nains exploitées au Canada » -- Page 1.
650 6|aVaccinium angustifolium|xMaladies et fléaux|xLutte contre|zCanada.
650 6|aVaccinium angustifolium|xMaladies et fléaux|zCanada.
650 6|aBleuets|xIndustrie|zCanada.
7101 |aCanada. |bAgriculture et agroalimentaire Canada, |eorganisme de publication.
7102 |aCentre de la lutte antiparasitaire (Canada), |eorganisme de publication.
77508|tCrop profile for lowbush blueberry in Canada, 2023 / |w(CaOODSP)9.937580
795 |tProfil de la culture du bleuet nain au Canada, 2020 / |w(CaOODSP)9.896758
85640|qPDF|s1.10 Mo|uhttps://publications.gc.ca/collections/collection_2025/aac-aafc/A118-10-31-2023-fra.pdf